| 000 | 01104nam a22002657a 4500 | ||
|---|---|---|---|
| 005 | 20170124103021.0 | ||
| 010 | _aA-363660 | ||
| 020 | _c00.00 | ||
| 035 | _aA-363660 | ||
| 037 | _bCen Lib/Ret | ||
| 040 |
_aDPL _bHN |
||
| 082 |
_a823.09 _bकौल |
||
| 100 |
_aकौल, सोमनाथ _960726 |
||
| 245 |
_aस्वातन्त्रोत्तर हिंदी कहानी / _cसोमनाथ कौल |
||
| 246 |
_aswantrtottar hindi kahani _bby Somnath Koul |
||
| 260 |
_aनई दिल्ली _bवाणी प्रकाशन |
||
| 270 |
_aनई दिल्ली _bनई दिल्ली _e110002 |
||
| 300 |
_a200पृष्ठ. _c20सेमी(सजिल्द) |
||
| 500 | _aसहायक ग्रन्थ सूची शामिल | ||
| 650 |
_aहिंदी साहित्य _960727 |
||
| 650 |
_aहिंदी कहानी की प्रष्ठ भूमि _960728 |
||
| 650 |
_aHindi literature _960729 |
||
| 650 |
_aHindi Story Land Prsht _960730 |
||
| 942 |
_2ddc _cHN _h824 _mकौल |
||
| 999 |
_c115285 _d115285 |
||